| 000 | 01517nam a22002657a 4500 | ||
|---|---|---|---|
| 999 |
_c60927 _d60927 |
||
| 003 | Ge_BSU | ||
| 005 | 20231121101911.0 | ||
| 008 | 231121s2022 ge ||||| |||| 00| 0 geo d | ||
| 020 | _a9789941844256 | ||
| 041 | _ageo | ||
| 080 | _a616.314-089 გ-59 | ||
| 100 |
_aგოგილაშვილი, ქეთევან _93387 |
||
| 245 |
_aკლინიკური პაროდონტოლოგია: _bპირველი ტომი / _cქეთევან გოგილაშვილი, თეა ნაცვლიშვილი. |
||
| 264 |
_a[ქ.გ.]: _b[გ.გ.], _c2022. |
||
| 300 |
_a514 გვ.: _bილ.; _c25 სმ. |
||
| 504 | _aბიბლიოგრ. ყველა თავების ბოლოს | ||
| 653 | _aპაროდონტის დაავადებათა კლასიფიკაციების ისტორიული მიმოხილვა | ||
| 653 | _aპაროდონტის კლინიკური ანატომია | ||
| 653 | _aღრძილის დაავადებები | ||
| 653 | _aკვება და პირის ღრუს ჯანმრთელობა | ||
| 653 | _aპაროდონტიტი--პაროდონტის მწვავე დაავადებები | ||
| 653 | _aსტომატოლოგია | ||
| 700 |
_aნაცვლიშვილი, თეა _eავტორი _910193 |
||
| 942 |
_2udc _cᲬᲘᲒᲜᲘ |
||